Statistiques concernant Les 2 villes les plus peuplées par département

Cliquez ici pour prendre le quiz!

Statistiques générales

  • Ce quiz a été pris 1,029 fois
  • Le résultat moyen est 103 sur 199

Statistiques - réponses

Département Ville % Correct
Alpes-Maritimes / 343 123Nice
95%
Bouches-du-Rhône / 797 491Marseille
94%
Gironde / 215 374Bordeaux
92%
Rhône / 445 274Lyon
92%
Finistère / 149 649Brest
92%
CAPITALE / 2 125 851Paris
92%
Nord / 184 647Lille
92%
Ille-et-Vilaine / 206 194Rennes
90%
Haute-Garonne / 390 301Toulouse
90%
Loire-Atlantique / 270 342Nantes
90%
Bas-Rhin / 263 941Strasbourg
90%
Hérault / 225 511Montpellier
88%
Côte-d'Or / 150 138Dijon
87%
Corse-du-Sud / 52 851Ajaccio
87%
Isère / 153 426Grenoble
86%
Calvados / 114 007Caen
86%
Haute-Corse / 37 880Bastia
85%
Meurthe-et-Moselle / 103 552Nancy
85%
Loiret / 113 089Orléans
84%
Loire / 180 438Saint-Étienne
84%
Var / 160 712Toulon
83%
Seine-Maritime / 106 560Rouen
83%
Moselle / 123 704Metz
83%
Charente-Maritime / 76 711La Rochelle
82%
Indre-et-Loire / 132 677Tours
82%
Marne / 187 181Reims
81%
La Réunion / 131 649Saint-Denis
81%
Somme / 135 449Amiens
81%
Pyrénées-Orientales / 105 096Perpignan
81%
Seine-Saint-Denis / 85 994Saint-Denis
81%
Seine-Maritime / 190 924Le Havre
81%
Puy-de-Dôme / 137 154Clermont-Ferrand
80%
Gard / 133 406Nîmes
80%
Sarthe / 146 064Le Mans
80%
Maine-et-Loire / 151 322Angers
79%
Finistère / 63 274Quimper
78%
Pyrénées-Atlantiques / 78 800Pau
77%
Territoire de Belfort / 50 406Belfort
76%
Haute-Savoie / 50 324Annecy
76%
Yvelines / 85 761Versailles
76%
Drôme / 64 222Valence
75%
Haut-Rhin / 65 118Colmar
75%
Bouches-du-Rhône / 134 324Aix-en-Provence
74%
Pas-de-Calais / 77 317Calais
74%
Doubs / 117 691Besançon
74%
Haute-Vienne / 133 924Limoges
74%
Morbihan / 51 759Vannes
73%
Vienne / 83 507Poitiers
73%
Haut-Rhin / 110 141Mulhouse
73%
Aube / 60 903Troyes
73%
Ain / 40 628Bourg-en-Bresse
72%
Hautes-Alpes / 36 269Gap
72%
Yonne / 37 820Auxerre
71%
Vaucluse / 85 937Avignon
71%
Savoie / 55 752Chambéry
70%
Rhône / 124 152Villeurbanne
69%
Corrèze / 15 496Tulle
69%
Aude / 43 937Carcassonne
68%
Morbihan / 59 224Lorient
67%
Deux-Sèvres / 56 661Niort
66%
Guyane / 50 395Cayenne
66%
Cher / 72 434Bourges
66%
Mayenne / 50 956Laval
65%
Pyrénées-Atlantiques / 40 113Bayonne
65%
Côtes-d'Armor / 46 089Saint-Brieuc
64%
Charente / 43 137Angoulême
64%
Martinique / 94 152Fort-de-France
64%
Nord / 96 959Roubaix
64%
Indre / 49 598Châteauroux
63%
Ardennes / 55 481Charleville-Mézières
63%
Nièvre / 40 934Nevers
63%
Eure-et-Loir / 40 402Chartres
62%
Dordogne / 30 152Périgueux
62%
Ariège / 9 109Foix
62%
Manche / 80 959Cherbourg-en-Cotentin
62%
Landes / 29 529Mont-de-Marsan
62%
Loir-et-Cher / 49 062Blois
61%
Lot-et-Garonne / 30 199Agen
61%
Oise / 55 371Beauvais
61%
Tarn / 46 299Albi
61%
Ille-et-Vilaine / 50 697Saint-Malo
61%
Hauts-de-Seine / 84 270Nanterre
60%
Hautes-Pyrénées / 46 433Tarbes
60%
Hérault / 69 359Béziers
60%
Essonne / 49 397Évry
60%
Eure / 51 159Évreux
60%
Cantal / 30 554Aurillac
60%
Vosges / 35 782Épinal
59%
Vendée / 49 292La Roche-sur-Yon
59%
Aveyron / 23 734Rodez
59%
Tarn-et-Garonne / 51 889Montauban
58%
Val-de-Marne / 81 786Créteil
58%
Aisne / 59 049Saint-Quentin
58%
Loire-Atlantique / 65 868Saint-Nazaire
58%
Aude / 46 506Narbonne
57%
Manche / 20 081Saint-Lô
56%
Saône-et-Loire / 34 472Mâcon
55%
Lot / 20 022Cahors
55%
Lozère / 11 792Mende
55%
Orne / 28 917Alençon
54%
Marne / 47 338Châlons-en-Champagne
54%
Creuse / 14 114Guéret
54%
Landes / 19 557Dax
52%
Gers / 21 911Auch
52%
Haute-Loire / 20 489Le Puy-en-Velay
52%
Jura / 18 476Lons-le-Saunier
50%
Allier / 26 501Vichy
50%
Ardennes / 20 547Sedan
49%
Corrèze / 49 127Brive-la-Gaillarde
48%
Haute-Saône / 17 152Vesoul
48%
Meuse / 16 939Bar-le-Duc
48%
Hauts-de-Seine / 106 316Boulogne-Billancourt
47%
Alpes-Maritimes / 72 454Antibes
47%
Alpes-de-Haute-Provence / 16 029Digne-les-Bains
46%
Haute-Marne / 25 977Chaumont
46%
Vaucluse / 27 999Orange
43%
Pas-de-Calais / 44 865Boulogne-sur-Mer
43%
Seine-et-Marne / 49 348Meaux
42%
Meuse / 19 624Verdun
42%
Maine-et-Loire / 54 215Cholet
41%
Haute-Corse / 6 335Corte
41%
Hautes-Alpes / 10 729Briançon
41%
Aveyron / 21 371Millau
41%
Allier / 41 350Montluçon
41%
Dordogne / 26 071Bergerac
40%
Corse-du-Sud / 10 310Porto-Vecchio
40%
Charente-Maritime / 25 775Rochefort
39%
Saône-et-Loire / 50 110Chalon-sur-Saône
38%
Doubs / 27 566Montbéliard
38%
Hautes-Pyrénées / 15 242Lourdes
38%
Côte-d'Or / 21 917Beaune
38%
Loire / 38 880Roanne
38%
Tarn / 43 451Castres
37%
Eure-et-Loir / 31 822Dreux
37%
Gironde / 61 990Mérignac
37%
Gard / 39 282Alès
37%
Jura / 24 955Dole
37%
Ain / 24 188Oyonnax
37%
La Réunion / 87 629Saint-Paul
35%
Oise / 41 228Compiègne
35%
Aisne / 29 439Soissons
35%
Cher / 29 723Vierzon
35%
Charente / 19 525Cognac
34%
Val-d'Oise / 93 932Argenteuil
34%
Seine-Saint-Denis / 90 735Montreuil
33%
Haute-Marne / 30 836Saint-Dizier
32%
Ariège / 13 463Pamiers
32%
Yonne / 26 906Sens
32%
Moselle / 40 863Thionville
32%
Vosges / 22 590Saint-Dié
31%
Mayenne / 13 710Mayenne
30%
Cantal / 6 629Saint-Flour
30%
Savoie / 25 721Aix-les-Bains
30%
Côtes-d'Armor / 18 368Lannion
29%
Bas-Rhin / 32 206Haguenau
28%
Ardèche / 11 013Aubenas
28%
Var / 60 070La Seyne-sur-Mer
27%
Creuse / 5 327La Souterraine
27%
Haute-Savoie / 28 980Thonon-les-Bains
27%
Somme / 24 568Abbeville
26%
Alpes-de-Haute-Provence / 19 607Manosque
25%
Sarthe / 15 242La Flèche
25%
Val-d'Oise / 57 851Sarcelles
25%
Vienne / 34 192Châtellerault
24%
Ardèche / 17 517Annonay
24%
Guadeloupe / 63 001Les Abymes
24%
Indre / 13 680Issoudun
23%
Gers / 7 256Condom
23%
Lot-et-Garonne / 22 801Villeneuve-sur-Lot
23%
Lot / 9 592Figeac
23%
Drôme / 32 697Romans-sur-Isère
22%
Guyane / 19 167Saint-Laurent-du-Maroni
22%
Val-de-Marne / 78 908Vitry-sur-Seine
22%
Indre-et-Loire / 36 511Joué-lès-Tours
21%
Guadeloupe / 29 112Saint-Martin
20%
Loir-et-Cher / 18 353Romorantin-Lanthenay
20%
Deux-Sèvres / 17 797Bressuire
19%
Haute-Garonne / 28 538Colomiers
19%
Nièvre / 11 396Cosne-Cours-sur-Loire
17%
Seine-et-Marne / 45 371Chelles
17%
Isère / 35 729Saint-Martin-d'Hères
16%
Eure / 24 063Vernon
16%
Lozère / 5 504Marvejols
15%
Essonne / 39 384Corbeil-Essonnes
15%
Meurthe-et-Moselle / 32 031Vandœuvre-lès-Nancy
15%
Orne / 16 940Flers
14%
Yvelines / 50 222Sartrouville
13%
Puy-de-Dôme / 18 860Cournon-d'Auvergne
13%
Martinique / 35 488Le Lamentin
13%
Vendée / 16 136Challans
13%
Aube / 14 610Romilly-sur-Seine
13%
Haute-Vienne / 10 657Saint-Junien
13%
Calvados / 23 992Hérouville-Saint-Clair
13%
Haute-Saône / 10 142Héricourt
12%
Tarn-et-Garonne / 12 326Moissac
12%
Territoire de Belfort / 6 622Delle
12%
Pyrénées-Orientales / 10 185Canet-en-Roussillon
11%
Loiret / 20 702Fleury-les-Aubrais
11%
Haute-Loire / 7 451Monistrol-sur-Loire
8%

Distribution des résultats

Percentile by Number Answered

% des personnes avec chaque résultat

Votre développement - résultats

Vous n’avez pas pris ce quiz